|
|
|
|
| LEADER |
00000nam2a2200000 4500 |
| 001 |
209204 |
| 005 |
20231101225523.0 |
| 010 |
|
|
|a 9785397017053
|
| 035 |
|
|
|a (RuTPU)RU\TPU\book\228527
|
| 090 |
|
|
|a 209204
|
| 100 |
|
|
|a 20120210d2011 m y0rusy50 ca
|
| 101 |
0 |
|
|a rus
|
| 102 |
|
|
|a RU
|
| 105 |
|
|
|a a j 001zy
|
| 200 |
0 |
|
|a Т. 15: Нелинейные операторы и неподвижные точки
|
| 205 |
|
|
|a 2-е изд.
|
| 210 |
|
|
|d 2011
|
| 215 |
|
|
|a 222 с.
|c ил.
|
| 320 |
|
|
|a Библиогр.: с. 218-219.
|
| 320 |
|
|
|a Предметный указатель: с. 220-222.
|
| 330 |
|
|
|a Содержание настоящей книги группируется вокруг проблематики разрешимости нелинейных уравнений, широко известной отдельными принципами неподвижной точки. Главное внимание уделяется топологическим методам, основанным на понятиях степени отображения и вращения векторного поля. Большинство вопросов затрагиваются впервые в учебной литературе. В качестве приложений рассматриваются динамические системы и бифуркации. Изложение отличается краткостью и прозрачностью. Для студентов, преподавателей, инженеров и научных работников.
|
| 461 |
|
1 |
|0 (RuTPU)RU\TPU\book\233264
|t Лекции по математике
|o учебное пособие
|f В. Босс
|v Т. 15: Нелинейные операторы и неподвижные точки
|d 2004-
|
| 606 |
1 |
|
|a Математика
|2 stltpush
|3 (RuTPU)RU\TPU\subj\67327
|9 83171
|
| 606 |
1 |
|
|a Операторы нелинейные
|2 stltpush
|3 (RuTPU)RU\TPU\subj\47045
|9 66113
|
| 610 |
1 |
|
|a метрические инструменты
|
| 610 |
1 |
|
|a неподвижные точки
|
| 610 |
1 |
|
|a топология
|
| 610 |
1 |
|
|a отображение
|
| 610 |
1 |
|
|a вращение
|
| 610 |
1 |
|
|a векторное поле
|
| 610 |
1 |
|
|a динамические системы
|
| 610 |
1 |
|
|a вполне непрерывные поля
|
| 610 |
1 |
|
|a возмущения
|
| 610 |
1 |
|
|a бифуркации
|
| 610 |
1 |
|
|a многозначные поля
|
| 610 |
1 |
|
|a лекции
|
| 610 |
1 |
|
|a учебные пособия
|
| 675 |
|
|
|a 51(07)
|v 3
|
| 675 |
|
|
|a 517.988(07)
|v 3
|
| 801 |
|
1 |
|a RU
|b 63413507
|c 20120210
|
| 801 |
|
2 |
|a RU
|b 63413507
|c 20150430
|g RCR
|
| 942 |
|
|
|c BK
|
| 959 |
|
|
|a 22/20120210
|d 2
|e 236,28
|f ЧЗТЛ:1
|f АНЛ:1
|